Statistics for FC Barcelona squad 2012-13

Click here to take the quiz!

General Stats

  • This quiz has been taken 3,729 times
    (3,454 since last reset)
  • The average score is 16 of 23

Answer Stats

PositionPlayerInternational% Correct
FWLionel MessiArgentina
99%
DFGerard PiquéSpain
95%
MFXaviSpain
95%
MFAndrés IniestaSpain
94%
GKVíctor ValdésSpain
93%
DFDani AlvesBrazil
90%
DFCarles PuyolSpain
89%
FWAlexis SánchezChile
86%
MFSergio BusquetsSpain
84%
FWDavid VillaSpain
80%
FWPedroSpain
80%
MFJavier MascheranoArgentina
76%
DFJordi AlbaSpain
74%
DFÉric AbidalFrance
63%
GKJosé Manuel PintoSpain
62%
MFCesc FàbregasSpain
61%
MFAlex SongCameroon
59%
MFJonathan Dos SantosMexico
49%
DFAdrianoBrazil
47%
MFThiagoSpain
45%
DFMarc BartraSpain
39%
FWCristian TelloSpain
35%
DFMartín MontoyaSpain
30%

Score Distribution

Percentile by Number Answered

Percent of People with Each Score

Your Score History

You have not taken this quiz since the last reset